| 000 | 01304cam a2200349 i 4500 | ||
|---|---|---|---|
| 001 | 26530 | ||
| 003 | Mx-PuUPA | ||
| 005 | 20250923143123.0 | ||
| 008 | 140415s2008 sp gr 001 0 spa d | ||
| 017 | _aB - 8.321 - 2008 | ||
| 020 | _a9788425425172 | ||
| 040 |
_aMx-PuUPA _bspa _cMx-PuUPA _dMx-PuUPA _erda |
||
| 041 | 0 | _aspa | |
| 245 | 0 | 6 |
_aDe la antropología filosófica a la antropología de la salud / _cRosa María Boixareu, coordinadora ; prólogo de Josep M. Comelles ; epílogo de Lluís Duch ; colaboran, Amparo Mogollón (y otros14) |
| 264 | 1 |
_aBarcelona : _bHerder editorial, _c©2008 |
|
| 300 |
_a592 páginas ; _c25 cm |
||
| 336 |
_2rdacontent _atexto _btxt |
||
| 337 |
_2rdamedia _asin medio _bn |
||
| 338 |
_2rdacarrier _avolumen _bnc |
||
| 650 | 7 |
_2armarc _aAntropología médica _xFilosofía |
|
| 650 | 7 |
_2armarc _aAntropología filosófica |
|
| 650 | 7 |
_2armarc _aSalud _xFilosofía |
|
| 700 | 1 |
_910015 _aBoixareu, Rosa María, _ecoordinador |
|
| 700 | 1 |
_aComelles, Josep M., _eprologuista |
|
| 700 | 1 |
_aDuch, Lluís, _eepilogísta |
|
| 700 | 1 |
_aMogollón, Amparo, _ecoolaborador |
|
| 942 |
_2ddc _cLI _h301 _iD33 |
||
| 999 |
_c26530 _d26530 |
||